Lun yu shu he /
Saved in:
| 其他作者: | |
|---|---|
| 格式: | 图书 |
| 语言: | Chinese |
| 出版: |
Taibei,
[Min guo 55 i.e. 1966]
|
| 丛编: | Wu qiu bei zhai Lun yu ji cheng ;
80. |
| 主题: | |
| 标签: |
添加标签
没有标签, 成为第一个标记此记录!
|
| LEADER | 01323cam a2200325ui 4500 | ||
|---|---|---|---|
| 001 | 007724403-6 | ||
| 005 | 20024617111505.0 | ||
| 008 | 960725r1966uuuuch 000 0 chi d | ||
| 035 | 0 | |a ocm35143684 | |
| 040 | |a PPiU |c PPiU |d *YNH* |d CStRLIN | ||
| 245 | 0 | 0 | |6 880-01 |a Lun yu shu he / |c Yan Lingfeng bian ji. |
| 260 | |6 880-02 |a Taibei, |c [Min guo 55 i.e. 1966] | ||
| 300 | |a 1 v. (double leaves) in case. | ||
| 490 | 1 | |6 880-03 |a Wu qiu bei zhai Lun yu ji cheng ; |v 80 | |
| 500 | |6 880-04 |a (In Yan Lingfeng bian ji Wu qiu bei zhai Lun yu ji cheng v. 222) | ||
| 500 | |6 880-05 |a Facsimile reproduction of Huang qing jing jie ben, juan 1297-1298. | ||
| 600 | 0 | 0 | |6 880-06 |a Confucius. |t Lun yu. |
| 650 | 0 | |a Chinese classics. | |
| 700 | 1 | |6 880-07 |a Yan, Lingfeng, |d 1904- |e comp. | |
| 880 | 0 | 0 | |6 245-01 |a 論語述何 / |c 嚴靈峯編輯. |
| 880 | |6 260-02 |a 台北, |c [民國55 i.e. 1966] | ||
| 880 | 1 | |6 490-03 |a 無求備齋論語集成 ; |v 80 | |
| 880 | |6 500-04 |a (In 嚴靈峯編輯 無求備齋論語集成 v. 222) | ||
| 880 | |6 500-05 |a Facsimile reproduction of 皇清經解本, 卷1297-1298. | ||
| 880 | 0 | 0 | |6 600-06 |a Confucius. |t 論語. |
| 880 | 1 | |6 700-07 |a 嚴靈峯, |d 1904- |e comp. | |
| 830 | 0 | |6 880-53 |a Wu qiu bei zhai Lun yu ji cheng ; |v 80. | |
| 880 | 0 | |6 830-53 |a 無求備齋論語集成 ; |v 80. | |
| 988 | |a 20021109 | ||
| 906 | |0 OCLC | ||


